Chanson à trous : Johnny Hallyday - L'Envie - Statistiques

Statistiques générales
  • Ce quiz a été pris 71 fois
  • Le résultat moyen est 9 sur 14
Statistiques - réponses
Couplets L'Envie - Johnny Hallyday % Correct
6 Toutes ces choses qui avaient {un} {prix} Qui font l'envie de vivre et le désir
91%
13 Toutes ces choses qui avaient {un} {prix} Qui font l'envie de vivre et le désir
91%
1 Qu'on me donne l'obscurité puis la lumière Qu'on me donne la faim, la soif puis {un} {festin}
89%
5 On m'a trop donné bien avant l'envie J'ai oublié les {rêves} et les mercis
87%
12 On m'a trop donné bien avant l'envie J'ai oublié les {rêves} et les mercis
87%
8 Qu'on me donne la haine pour que j'aime l'amour La {solitude} aussi pour que j'aime les gens
70%
10 Pour que j'aime être sain, vaincre {la} {maladie} Qu'on me donne la nuit pour que j'aime le jour
69%
4 Pour que j'aime ma terre, qu'on me donne l'exil Et qu'on m'enferme un an pour rêver à {des} {femmes}
59%
3 Qu'on me donne la peine pour que j'aime {dormir} Qu'on me donne le froid pour que j'aime la flamme
59%
9 Pour que j'aime le silence, qu'on me fasse {des} {discours} Et toucher la misère pour respecter l'argent
57%
7 Et le plaisir aussi qu'on me donne l'envie L'envie d'avoir envie et qu'on {allume} {ma} {vie}
50%
14 Et le plaisir aussi qu'on me donne l'envie L'envie d'avoir envie et qu'on {allume} {ma} {vie}
50%
2 Qu'on m'enlève ce qui est vain et secondaire Que je retrouve le {prix} {de} {la} {vie}, enfin
43%
11 Qu'on me donne le jour pour que j'aime la nuit Pour que j'aime {aujourd'hui} oublier les "toujours"
37%
Aucun quiz correspondant
Distribution des résultats
% des personnes avec chaque résultat
Percentile par nombre de réponses
Votre historique - résultats
Vous n’avez pas pris ce quiz